| 000 | 00677nam a22002057a 4500 | ||
|---|---|---|---|
| 003 | PILC | ||
| 005 | 20151001081234.0 | ||
| 008 | 151001b xxu||||| |||| 00| 0 eng d | ||
| 020 | _a9780071835237 | ||
| 050 |
_aHD 62.15 _b.Ah386 2014 |
||
| 100 | _aAhlstrom, Joakim. | ||
| 245 |
_aHow to succeed with continuous improvement : _ba primer for becoming the best in the world / _cJoakim Ahlstrom. |
||
| 260 |
_aNew York : _bMcGraw Hill, _c2014. |
||
| 300 |
_a107 pages ; _c23 cm. |
||
| 500 | _aIncludes bibliographical references. | ||
| 650 | _aTotal quality management. | ||
| 650 | _aContinuous improvement process. | ||
| 650 | _aSuccess in business. | ||
| 942 |
_2lcc _cBK _kFOR |
||
| 999 |
_c288790 _d288790 |
||